| 000 | 00945nam a2200205Ia 4500 | ||
|---|---|---|---|
| 999 |
_c48603 _d48603 |
||
| 001 | 15503 | ||
| 003 | GE_BSU | ||
| 005 | 20241203122602.0 | ||
| 008 | 181216s2004||||ge |||||||||||||| ||geo|| | ||
| 040 | _cGE_BSU | ||
| 041 | _ageo | ||
| 080 | _a342.743(479.22)(094.4) ს-32 | ||
| 245 |
_aსაქართველოს საგადასახადო კოდექსი : _b2004 წლის 1 ნოემბრის მდგომარეობით / _c[რედ. : ზ. მაჭარაშვილი]. |
||
| 264 |
_aთბილისი : _bრაიზი, _c2004. |
||
| 300 |
_a204 გვ. ; _c21სმ. |
||
| 653 | _a2004 წლის 1 ნოემბრის მდგომარეობით | ||
| 653 | _aსაქართველოს საგადასახადო კოდექსი | ||
| 700 |
_aმაჭარაშვილი, ზ. _eრედაქტორი _923850 |
||
| 942 |
_cBK _2udc |
||